| 000 | 00853nam a2200229 i 4500 | ||
|---|---|---|---|
| 001 | 108300 | ||
| 003 | ES-MaACL | ||
| 005 | 20230906184622.0 | ||
| 007 | t| | ||
| 008 | 061121s1969 mx r ||||1| spa d | ||
| 080 | _a860 Menéndez Pidal, Ramón 1.06 | ||
| 100 | 1 |
_aMonterde, Francisco. _982467 |
|
| 245 | 1 | 0 |
_aHomenaje a Don Ramón Menéndez Pidal _b: [24 de abril 1969] / _cFrancisco Monterde, Salvador Cruz y Wigberto Jiménez Moreno. |
| 260 |
_aMéxico : _bSemanario de Cultura Mexicana, _c1969. |
||
| 300 |
_a27 p. ; _c23 cm. |
||
| 600 | 1 | 4 |
_aMenéndez Pidal, Ramón, _d1869-1968- _vHomenajes _980316 |
| 600 | 1 | 7 |
_aMenéndez Pidal, Ramón, _d1869-1968- _xCrítica e interpretación _2 _9155926 |
| 700 | 1 |
_aCruz, Salvador. _941810 |
|
| 700 | 1 |
_aJiménez Moreno, Wigberto. _966574 |
|
| 852 |
_aES-MaACL _j2082-F-12 |
||
| 999 |
_c108300 _d108300 |
||